Biblioteca

1001 remedios naturales : Para la salud, la belleza, el hogar y las mascotas / Pip Morgan, Editor (Registro nro. 40375)

Detalles MARC
000 -LÍDER
Campo fijo de descripción fija 00856aam a2200289 i 4500
001 - NÚMERO DE CONTROL
Campo de control 11000
003 - IDENTIFICADOR DEL NÚMERO DE CONTROL
Campo de control CO-MdBIC
005 - FECHA Y HORA DE LA ULTIMA TRANSACCIÓN
control field 20210904102651.0
008 - ELEMENTOS DE LONGITUD FIJA -- INFORMACIÓN GENERAL
Campo fijo de descripción fija -- Información general 210904t2004 ck ao||| |||| 00| 0 eng d
020 ## - NÚMERO INTERNACIONAL NORMALIZADO PARA LIBROS
Número Internacional Normalizado del libro 958-706-117-9
040 ## - FUENTE DE CATALOGACIÓN
Idioma de catalogación spa.
Agencia de catalogación original CO-MdFUSB
Agencia que realiza la transcripción CO-MdFUSB
Agencia que realiza la modificación CO-MdFUSBC
Convenciones de la descripción rda
041 ## - CÓDIGO DE IDIOMA
Código de idioma para texto/pista de sonido o título separado spa
082 04 - NÚMERO DE CLASIFICACIÓN DECIMAL DEWEY
Número de clasificación R 615.5 C3342r
110 1# - ASIENTO PRINCIPAL--NOMBRE CORPORATIVO
Nombre corporativo o de jurisdicción como elemento de entrada El Tiempo
245 10 - TÍTULO
Título del Material 1001 remedios naturales : Para la salud, la belleza, el hogar y las mascotas / Pip Morgan, Editor
Mención de responsabilidad, etc. /
264 #1 - PRODUCCIÓN, PUBLICACIÓN, DISTRIBUCIÓN, MANUFACTURA, Y COPYRIGHT
Lugar de producción, publicación, distribución, manufactura Colombia :
Nombre del productor, publicador, distribuidor Casa Editorial El Tiempo,
Fecha de producción, publicación, distribución, manufactura, o copyright [2004]
264 #4 - PRODUCCIÓN, PUBLICACIÓN, DISTRIBUCIÓN, MANUFACTURA, Y COPYRIGHT
Fecha de producción, publicación, distribución, manufactura, o copyright © 2004
300 ## - DESCRIPCIÓN FÍSICA
Extensión 200 Pag
Dimensiones ;
336 ## - TIPO DE CONTENIDO
Fuente rdacontent
Término de tipo de contenido texto
Código de tipo de contenido txt
337 ## - TIPO DE MEDIO
Fuente rdamedia
Nombre del tipo de medio sin mediación
Código del tipo de medio n
338 ## - TIPO DE SOPORTE
Fuente rdacarrier
Nombre del tipo de soporte volumen
Código Tipo de soporte nc
500 ## - NOTA GENERAL
Nota General Titulo original : 1001 Natural Remedies
653 ## - TÉRMINO DE INDIZACIÓN - NO CONTROLADO
Término no controlado 1001
653 ## - TÉRMINO DE INDIZACIÓN - NO CONTROLADO
Término no controlado Remedio naturales
942 ## - TIPO DE MATERIAL (KOHA)
Tipo de Item KOHA Libros General
945 ## - INFORMACIÓN LOCAL DEL REGISTRO
Catalogador Estudiante
Existencias
Estado de Material Estado de Perdido Estado de Dañado No para Préstamo Colección Tomo Biblioteca de Origen Biblioteca Permanente Fecha de Adquisición Total de Préstamos Signatura Topográfica Código de Barras Última vez visto Ejemplar/Existencia Fecha de Remplazo Tipo de Material
        Colección de Referencia   Biblioteca FUSBC Biblioteca FUSBC 25/01/2005   R 615.5 C3342r 14899 12/12/2019 1 26/01/2016 Libros de Referencia

Biblioteca FUSBC | Teléfono: (57+4) 349 88 10 Ext. 141| WhatsApp (+57) 3005338115 
E-mail: biblioteca@unisbc.edu.co | Calle 76 87-14 Robledo Palenque, Medellín, Colombia

Con tecnología Koha